[Event "Barcelona Sant Marti op-B 17th"]
[Site "Barcelona"]
[Date "2015.07.16"]
[Round "4"]
[White "Febrero Perez, Lluis"]
[Black "De la Fuente Clemente, Constantin"]
[Result "0-1"]
[WhiteElo "1787"]
[BlackElo "2043"]
[PlyCount "98"]
[EventDate "2015.07.13"]
[EventType "swiss"]
[EventRounds "9"]
[EventCountry "ESP"]
[SourceTitle "EXT 2016"]
[Source "ChessBase"]
[SourceDate "2015.10.08"]
[SourceVersion "1"]
[SourceVersionDate "2015.10.08"]
[SourceQuality "1"]

1. e4 e5 2. Nf3 Nf6 3. Nc3 Nc6 4. Bb5 d6 5. d4 Bd7 6. Bxc6 Bxc6 7. d5 Bd7 8. Bg5 h6 9. Bxf6 gxf6 10. Qd3 Rg8 11. g3 Be7 12. Qe3 Bf8 13. Nh4 f5 14. f4 fxe4 15. fxe5 dxe5 16. Qxe4 Bd6 17. Nf3 Qe7 18. 0-0-0 0-0-0 19. Qe3 Kb8 20. Qxh6 Bg4 21. Rd3 e4 22. Re3 Bxf3 23. Rf1 Qg5 24. Qxg5 Rxg5 25. Nxe4 Bxe4 26. Rxe4 Rxd5 27. c4 Rh5 28. Re2 Rh7 29. Rf3 Kc8 30. Ref2 Rf8 31. Kc2 Bc5 32. Re2 f6 33. g4 Re7 34. Rd2 Re4 35. Rd5 Rxc4+ 36. Kd3 b5 37. b3 c6 38. bxc4 cxd5 39. cxb5 Kd7 40. h3 Ke6 41. a4 Rg8 42. Rf5 Bd6 43. Kd4 Be5+ 44. Kc5 Rc8+ 45. Kb4 Rc4+ 46. Ka5 Bc7+ 47. b6 Bxb6+ 48. Kb5 Rc3 49. a5 Rc5+ 0-1

[Event "Barcelona Sant Marti op-B 17th"]
[Site "Barcelona"]
[Date "2015.07.13"]
[Round "1"]
[White "De la Fuente Clemente, Constantin"]
[Black "Villa Cardenas, Jorge"]
[Result "1-0"]
[WhiteElo "2043"]
[BlackElo "1892"]
[PlyCount "87"]
[EventDate "2015.07.13"]
[EventType "swiss"]
[EventRounds "9"]
[EventCountry "ESP"]
[SourceTitle "EXT 2016"]
[Source "ChessBase"]
[SourceDate "2015.10.08"]
[SourceVersion "1"]
[SourceVersionDate "2015.10.08"]
[SourceQuality "1"]

1. e4 e5 2. Nf3 Nc6 3. Bc4 Be7 4. c3 Nf6 5. Qe2 d6 6. h3 Na5 7. Bb5+ Bd7 8. Bd3 c5 9. Bc2 Nc6 10. d3 h6 11. a3 a6 12. Be3 0-0 13. Nbd2 b5 14. b4 Qc7 15. Rc1 Rfc8 16. 0-0 Qd8 17. Nb3 cxb4 18. cxb4 a5 19. d4 axb4 20. d5 Na5 21. axb4 Nxb3 22. Bxb3 Rxc1 23. Bxc1 Qc7 24. Bb2 Nh7 25. Rc1 Qb7 26. Ne1 Bg5 27. Rc3 Rc8 28. Rg3 Bf4 29. Rf3 Ng5 30. Rd3 Nh7 31. Nc2 f5 32. h4 fxe4 33. Qxe4 Nf6 34. Qe2 Bg4 35. Qe1 Bf5 36. Rc3 Ne4 37. Rc6 Nd2 38. Ne3 Nxb3 39. Nxf5 Rxc6 40. dxc6 Qc7 41. Qe4 g6 42. Qd5+ Kf8 43. Qxd6+ Qxd6 44. Nxd6 1-0

[Event "Barcelona Primavera La Lira op 8th"]
[Site "Barcelona"]
[Date "2015.05.21"]
[Round "7"]
[White "Permanyer Ugartemendia, Inaki"]
[Black "De la Fuente Clemente, Constantin"]
[Result "0-1"]
[WhiteElo "1598"]
[BlackElo "1825"]
[PlyCount "70"]
[EventDate "2015.04.09"]
[EventType "swiss"]
[EventRounds "9"]
[EventCountry "ESP"]
[SourceTitle "CBM 166 Extra"]
[Source "ChessBase"]
[SourceDate "2015.06.18"]
[SourceVersion "1"]
[SourceVersionDate "2015.06.18"]
[SourceQuality "1"]

1. d4 Nf6 2. c4 g6 3. Nc3 d5 4. Bg5 c6 5. e3 Bg7 6. Nf3 Qa5 7. Qc2 Ne4 8. Bh4 Na6 9. a3 Bf5 10. Bd3 Nb4 11. axb4 Qxa1+ 12. Nb1 Nd6 13. Bxf5 Nxf5 14. Bg5 a5 15. b5 cxb5 16. cxb5 0-0 17. 0-0 Qa2 18. Nfd2 Rac8 19. Nc3 Nxd4 20. exd4 Bxd4 21. Rc1 Bxc3 22. bxc3 Qxc2 23. Rxc2 f6 24. Be3 e5 25. Bb6 a4 26. f3 f5 27. Kf1 Rf6 28. Ba5 e4 29. Ra2 d4 30. Rxa4 dxc3 31. Rc4 Rxc4 32. Nxc4 c2 33. Bd2 Rf8 34. Bc1 Rd8 35. Nb2 Rd1+ 0-1

[Event "Barcelona La Lira op 33rd"]
[Site "Barcelona"]
[Date "2015.02.20"]
[Round "6"]
[White "Grammatico, Mauro"]
[Black "De la Fuente Clemente, Constantin"]
[Result "0-1"]
[WhiteElo "1571"]
[BlackElo "1825"]
[PlyCount "48"]
[EventDate "2015.01.16"]
[EventType "swiss"]
[EventRounds "9"]
[EventCountry "ESP"]
[SourceTitle "EXT 2016"]
[Source "ChessBase"]
[SourceDate "2015.10.08"]
[SourceVersion "1"]
[SourceVersionDate "2015.10.08"]
[SourceQuality "1"]

1. e4 c5 2. Nc3 e6 3. f4 a6 4. Nf3 Qc7 5. d3 Nc6 6. Be2 b6 7. 0-0 Bb7 8. a3 Nf6 9. Bd2 Rc8 10. Rc1 Be7 11. e5 Ng4 12. Ng5 Bxg5 13. Bxg4 Be7 14. Ne2 d6 15. exd6 Bxd6 16. c3 Ne7 17. Ng3 Ng6 18. Nh5 0-0 19. Bf3 Nh4 20. Bxb7 Qxb7 21. Qg4 Ng6 22. f5 exf5 23. Rxf5 Qe7 24. Bf4 Bxf4 0-1

[Event "Barcelona La Lira op 33rd"]
[Site "Barcelona"]
[Date "2015.02.13"]
[Round "5"]
[White "De la Fuente Clemente, Constantin"]
[Black "Ros Montes, Daniel"]
[Result "0-1"]
[WhiteElo "1825"]
[BlackElo "1840"]
[PlyCount "134"]
[EventDate "2015.01.16"]
[EventType "swiss"]
[EventRounds "9"]
[EventCountry "ESP"]
[SourceTitle "EXT 2016"]
[Source "ChessBase"]
[SourceDate "2015.10.08"]
[SourceVersion "1"]
[SourceVersionDate "2015.10.08"]
[SourceQuality "1"]

1. d4 e6 2. c4 Nf6 3. Nc3 Bb4 4. Bg5 h6 5. Bd2 c5 6. d5 d6 7. a3 Bxc3 8. Bxc3 exd5 9. cxd5 0-0 10. Qd3 b5 11. f3 Re8 12. e4 Nbd7 13. Be2 c4 14. Qc2 Nc5 15. Nh3 Nfxe4 16. fxe4 Bxh3 17. 0-0-0 Bxg2 18. Rhg1 Bxe4 19. Rxg7+ Kf8 20. Rf1 Qg5+ 21. Rxg5 Bxc2 22. Rg7 Nb3+ 23. Kxc2 Rxe2+ 24. Kd1 Rd2+ 25. Bxd2 Kxg7 26. Bc3+ Kf8 27. Rf6 Ke7 28. Rxh6 Rg8 29. h4 Nc5 30. h5 Ne4 31. Be1 Rg1 32. Ke2 Rh1 33. Rh8 Kf6 34. h6 Rh2+ 35. Kf3 Ng5+ 36. Kg3 Rh1 37. Bc3+ Kg6 38. Rg8+ Kxh6 39. Kg2 Rd1 40. Ra8 Rxd5 41. Rxa7 f5 42. Ra5 Ne4 43. Bb4 Re5 44. Ra6 Kg5 45. Kf3 d5 46. Ra5 d4 47. a4 c3 48. bxc3 Nxc3 49. axb5 Nxb5 50. Bd2+ Kf6 51. Ra6+ Ke7 52. Kf4 Rd5 53. Bb4+ Kd7 54. Rf6 Nd6 55. Bxd6 Rxd6 56. Rf7+ Kc6 57. Rh7 d3 58. Rh1 d2 59. Rd1 Kc5 60. Ke3 f4+ 61. Ke2 f3+ 62. Ke3 f2 63. Ke2 Kc4 64. Kxf2 Kc3 65. Ke2 Re6+ 66. Kf2 Kc2 67. Ra1 d1Q 0-1

[Event "Barcelona Primavera La Lira op 7th"]
[Site "Barcelona"]
[Date "2014.05.22"]
[Round "5"]
[White "De la Fuente Clemente, Constantin"]
[Black "Porta Chicote, David"]
[Result "1-0"]
[WhiteElo "1825"]
[BlackElo "1700"]
[PlyCount "59"]
[EventDate "2014.04.03"]
[EventType "swiss"]
[EventRounds "9"]
[EventCountry "ESP"]
[SourceTitle "EXT 2015"]
[Source "ChessBase"]
[SourceDate "2014.11.20"]
[SourceVersion "1"]
[SourceVersionDate "2014.11.20"]
[SourceQuality "1"]

1. e4 e5 2. Nf3 Nf6 3. Nxe5 d6 4. Nf3 Bg4 5. d3 Nc6 6. Be2 Be7 7. Nc3 0-0 8. h3 Bxf3 9. gxf3 d5 10. Rg1 Qd6 11. Bh6 Nh5 12. Qd2 Kh8 13. Bg5 Bxg5 14. Rxg5 Nf4 15. Nxd5 Nxd5 16. Rxd5 Qb4 17. c3 Qe7 18. 0-0-0 h6 19. Rh5 Qf6 20. Rg1 Rad8 21. Rf5 Qe6 22. Kb1 Rd6 23. d4 Ne7 24. Rh5 f5 25. Bd3 a6 26. e5 Rd7 27. Bc2 b5 28. Bb3 Qxe5 29. Qxh6+ gxh6 30. Rxh6# 1-0

[Event "Barcelona Primavera La Lira op 7th"]
[Site "Barcelona"]
[Date "2014.05.15"]
[Round "4"]
[White "Minguez Rodriguez, Raul"]
[Black "De la Fuente Clemente, Constantin"]
[Result "1-0"]
[WhiteElo "2223"]
[BlackElo "1825"]
[PlyCount "71"]
[EventDate "2014.04.03"]
[EventType "swiss"]
[EventRounds "9"]
[EventCountry "ESP"]
[SourceTitle "EXT 2015"]
[Source "ChessBase"]
[SourceDate "2014.11.20"]
[SourceVersion "1"]
[SourceVersionDate "2014.11.20"]
[SourceQuality "1"]

1. e4 e5 2. Nf3 Nf6 3. Nc3 Nc6 4. d4 exd4 5. Nd5 Nxd5 6. exd5 Bb4+ 7. Bd2 Qe7+ 8. Qe2 Bxd2+ 9. Kxd2 Qxe2+ 10. Bxe2 Ne7 11. d6 cxd6 12. Nxd4 a6 13. Rhe1 0-0 14. Bf3 Nc6 15. Nf5 Ne5 16. Bd5 g6 17. Nxd6 Nc6 18. Re4 Nd8 19. f4 Ne6 20. a4 Kg7 21. g4 f5 22. gxf5 gxf5 23. Rg1+ Kf6 24. Re5 Ke7 25. Nxf5+ Kd8 26. Ke3 Nc7 27. Rg7 Nxd5+ 28. Rxd5 h6 29. Nd6 Kc7 30. Nxc8 Raxc8 31. Rdxd7+ Kc6 32. Rxb7 Rce8+ 33. Rbe7 Rb8 34. Rg6+ Kc5 35. Re5+ Kc4 36. Rxa6 1-0